01459nam a22002177a 450000500170000000800410001702000180005804000070007604100080008308200170009110000160010824500380012426000610016230000260022336500940024952008300034365000190117365000180119265000150121065000160122520260324100226.0260324b |||||||| |||| 00| 0 eng d a9789385915048 cAL aeng a001.64bFARD aAnam Faruqi aDesign and analysis of algorithms aNew DelhibCBS Publishers and Distributors Pvt Ltdc2016 ax,262pbPBc23x15.5cm 2Information Science and EngineeringaVBI-2645b₹206.25c₹d₹275.00e25%f20-02-2026 aThe book follows a comprehensive approach to the subject of design and analysis of algorithms. On a broader spectrum it provides a balanced approach to explain the principles of design and implementation of algorithms through assumption, step-wise explanation, and detailed sketches to make it intuitive. The text of the book is divided into four parts: Basic definition of algorithm, various methods of analysis and asymptotic notations, Data structures, Various approaches used for designing the algorithms, Miscellaneous topics that are relevant in the study of algorithms. It covers all the above topics in a cogent and lucid style to help students grasp the information quickly and easily. The book is intended to serve the needs of undergraduate and postgraduate students of various engineering and management courses.  aData structure aCounting Sort aRadix Sort aBucket Sort